书目信息 |
| 题名: |
摄影测量学综合实习教程
|
|
| 作者: | 刘亚文 , 段延松 主编 | |
| 分册: | ||
| 出版信息: | 武汉 武汉大学出版社 2018.09 |
|
| 页数: | 121页 | |
| 开本: | 26cm | |
| 丛书名: | 高等学校遥感信息工程实践与创新系列教材 | |
| 单 册: | ||
| 中图分类: | P23 | |
| 科图分类: | ||
| 主题词: | 摄影测量学--she ying ce liang xue--高等学校--教材 | |
| 电子资源: | ||
| ISBN: | 978-7-307-20427-0 | |
| 000 | 01147nam 2200265 450 | |
| 001 | 94979 | |
| 005 | 20250821083428.20 | |
| 010 | @a978-7-307-20427-0@dCNY24.00 | |
| 100 | @a20181020d2018 em y0chiy50 ea | |
| 101 | 0 | @achi |
| 102 | @aCN@b420000 | |
| 105 | @aa z 000yy | |
| 106 | @ar | |
| 200 | 1 | @a摄影测量学综合实习教程@Ashe ying ce liang xue zong he shi xi jiao cheng@f主编刘亚文, 段延松 |
| 210 | @a武汉@c武汉大学出版社@d2018.09 | |
| 215 | @a121页@c图@d26cm | |
| 225 | 2 | @a高等学校遥感信息工程实践与创新系列教材@Agao deng xue xiao yao gan xin xi gong cheng shi jian yu chuang xin xi lie jiao cai |
| 330 | @a本书结合摄影测量的最新发展及行业应用的最新成果, 设计合理、可行的实习实践内容, 包括无人机影像数据采集过程, 无人机及航空数字影像定向、卫星影像定向的方法与作业流程, 数字高程模型、数字正射影像及数字线划图生产作业方法与质量检查方法。 | |
| 410 | 0 | @12001 @a高等学校遥感信息工程实践与创新系列教材 |
| 606 | 0 | @a摄影测量学@Ashe ying ce liang xue@x高等学校@j教材 |
| 690 | @aP23@v5 | |
| 701 | 0 | @a刘亚文@Aliu ya wen@4主编 |
| 701 | 0 | @a段延松@Aduan yan song@4主编 |
| 801 | 0 | @aCN@c20250909 |
| 905 | @a河南城建学院图书馆@dP23@eL700 | |
| 摄影测量学综合实习教程/主编刘亚文, 段延松.-武汉:武汉大学出版社,2018.09 |
| 121页:图;26cm.-(高等学校遥感信息工程实践与创新系列教材) |
| ISBN 978-7-307-20427-0:CNY24.00 |
| 本书结合摄影测量的最新发展及行业应用的最新成果, 设计合理、可行的实习实践内容, 包括无人机影像数据采集过程, 无人机及航空数字影像定向、卫星影像定向的方法与作业流程, 数字高程模型、数字正射影像及数字线划图生产作业方法与质量检查方法。 |
| ● |
| 相关链接 |
|
|
|
正题名:摄影测量学综合实习教程
索取号:P23/L700
 
预约/预借
| 序号 | 登录号 | 条形码 | 馆藏地/架位号 | 状态 | 备注 |
| 1 | 1630600 | 216306003 | 自科库401/401自科库 123排1列6层/ [索取号:P23/L700] | 在馆 |